[Event "Moscow op"]
[Site "Moscow"]
[Date "2011.01.10"]
[Round "7"]
[White "Kuprijanov, Anatoly"]
[Black "Pitelin, Igor"]
[Result "1-0"]
[WhiteElo "2000"]
[BlackElo "2155"]
[PlyCount "99"]
[EventDate "2011.01.03"]
[EventType "swiss"]
[EventRounds "9"]
[EventCountry "RUS"]
[SourceTitle "CBM 140 Extra"]
[Source "ChessBase"]
[SourceDate "2011.03.01"]
[SourceVersion "1"]
[SourceVersionDate "2011.03.01"]
[SourceQuality "1"]

1. d4 Nf6 2. Nf3 c5 3. d5 g6 4. Nc3 Bg7 5. e4 d6 6. h3 0-0 7. Bd3 b6 8. Qe2 a6 9. a4 e6 10. 0-0 exd5 11. exd5 Re8 12. Be3 Bb7 13. Bc4 Nbd7 14. Rfd1 h6 15. Qd2 Kh7 16. Bf4 Nf8 17. Re1 Qd7 18. Qd3 Kg8 19. Nd2 g5 20. Bh2 Ng6 21. Nf1 Rxe1 22. Rxe1 Ne8 23. Ne3 Be5 24. Ng4 Bxh2+ 25. Kxh2 Kg7 26. Ne4 Ne5 27. Nxe5 dxe5 28. Ng3 Nd6 29. Rxe5 Nxc4 30. Qxc4 Re8 31. Rxe8 Qxe8 32. Qc3+ f6 33. Nf5+ Kg6 34. Nd6 Qb8 35. Qd3+ Kg7 36. Qg3 Kg6 37. Kg1 b5 38. axb5 axb5 39. Qd3+ Kg7 40. Nf5+ Kf8 41. Qxb5 Qe5 42. Qxc5+ Kg8 43. Nxh6+ Kg7 44. Ng4 Qxb2 45. c3 Qc1+ 46. Kh2 Qf4+ 47. g3 Qf3 48. Qe7+ Kg6 49. Qxb7 Qe2 50. Qb6 1-0

[Event "Kimry Summer op 45th"]
[Site "Kimry"]
[Date "2009.06.14"]
[Round "7"]
[White "Pitelin, Igor"]
[Black "Shidlovski, Yuri"]
[Result "1-0"]
[WhiteElo "2139"]
[BlackElo "1994"]
[PlyCount "73"]
[EventDate "2009.06.11"]
[EventType "swiss"]
[EventRounds "8"]
[EventCountry "RUS"]
[SourceTitle "EXT 2022"]
[Source "ChessBase"]
[SourceDate "2021.10.06"]
[SourceVersion "1"]
[SourceVersionDate "2021.10.06"]
[SourceQuality "1"]

1. e4 c6 2. d4 e6 3. Nf3 d5 4. e5 c5 5. c3 Nc6 6. Bd3 cxd4 7. cxd4 Bd7 8. Nc3 Qb6 9. Ne2 Nge7 10. 0-0 Nf5 11. Bxf5 exf5 12. Rb1 Be7 13. b4 Rc8 14. Be3 0-0 15. a3 Nd8 16. Nf4 Be6 17. Qb3 Qb5 18. h4 h6 19. Nh5 Kh7 20. Bd2 Re8 21. Rbc1 b6 22. Rxc8 Bxc8 23. Rc1 Ne6 24. a4 Qd7 25. b5 Bb7 26. Qd3 g6 27. Nf6+ Bxf6 28. exf6 Qd8 29. Qe3 Qxf6 30. Qxh6+ Kg8 31. Ng5 Nxg5 32. hxg5 Qd6 33. g3 Qd7 34. Bf4 Bc8 35. Kg2 f6 36. Qxg6+ Kf8 37. Rc7 1-0

[Event "Kimry-ch"]
[Site "Kimry"]
[Date "2007.01.02"]
[Round "2"]
[White "Pitelin, Igor"]
[Black "Danilov, Alexander"]
[Result "0-1"]
[WhiteElo "2099"]
[BlackElo "1952"]
[PlyCount "79"]
[EventDate "2007.01.02"]
[EventType "swiss"]
[EventRounds "9"]
[EventCountry "RUS"]
[SourceTitle "EXT 2010"]
[Source "ChessBase"]
[SourceDate "2010.11.25"]
[SourceVersion "1"]
[SourceVersionDate "2010.11.25"]
[SourceQuality "1"]

1. e4 e5 2. Nf3 Nc6 3. Bb5 a6 4. Ba4 Nf6 5. 0-0 b5 6. Bb3 d6 7. Ng5 d5 8. exd5 Nd4 9. d6 Nxb3 10. dxc7 Qxc7 11. axb3 Bd6 12. Nc3 0-0 13. Nxb5 axb5 14. Rxa8 h6 15. Nf3 e4 16. h3 exf3 17. Qxf3 Bb7 18. Rxf8+ Kxf8 19. Qc3 Qb6 20. d4 Nd5 21. Qd3 Qc6 22. Qe4 Bc7 23. Re1 Qd7 24. c4 Nf6 25. Qh4 bxc4 26. Bxh6 Qf5 27. Bg5 Nh7 28. Be7+ Kg8 29. Bc5 Bc6 30. bxc4 Nf6 31. f3 Qg6 32. d5 Bg3 33. Qd4 Bd7 34. Ra1 Bxh3 35. Ra8+ Kh7 36. gxh3 Be5+ 37. Kf1 Bxd4 38. Bxd4 Qd3+ 39. Kg2 Qxd4 40. b4 0-1

[Event "Kimry op"]
[Site "Kimry"]
[Date "2004.08.05"]
[Round "4"]
[White "Borzov, Vladimir"]
[Black "Pitelin, Igor"]
[Result "0-1"]
[WhiteElo "2161"]
[BlackElo "2227"]
[PlyCount "98"]
[EventDate "2004.08.02"]
[EventType "swiss"]
[EventRounds "4"]
[EventCountry "RUS"]
[SourceTitle "EXT 2006"]
[Source "ChessBase"]
[SourceDate "2005.11.24"]
[SourceVersion "1"]
[SourceVersionDate "2005.11.24"]
[SourceQuality "1"]

1. Nf3 Nf6 2. g3 b5 3. Bg2 Bb7 4. 0-0 e6 5. d3 Be7 6. Nbd2 0-0 7. e4 d6 8. a4 a6 9. c3 c5 10. Qe2 Nc6 11. Ne1 b4 12. f4 bxc3 13. bxc3 Qa5 14. Bb2 Rab8 15. Nc4 Qc7 16. f5 exf5 17. Rxf5 Bc8 18. Rf1 Be6 19. Ne3 Qb6 20. Rf2 Rfe8 21. c4 Nd7 22. Bc3 Bf6 23. Bxf6 Nxf6 24. Nf3 Ng4 25. Rff1 Qb2 26. Qe1 Nd4 27. Rd1 Nxf3+ 28. Rxf3 Qd4 29. Bf1 Rb2 30. h3 Nxe3 31. Qxe3 Reb8 32. Qxd4 cxd4 33. Rf2 a5 34. Rc1 Rxf2 35. Kxf2 Rb4 36. c5 dxc5 37. Rxc5 Rxa4 38. e5 g6 39. g4 Ra1 40. Bg2 a4 41. Bd5 a3 42. Bxe6 fxe6 43. Ra5 a2 44. Kg2 Kf7 45. Ra4 g5 46. Kh2 Ke7 47. Kg2 Kd7 48. Kh2 Kc6 49. Ra6+ Kd5 0-1